000 00273nam a2200121Ia 4500
008 190216s9999||||xx |||||||||||||| ||und||
100 _aCahalapathirao R
245 0 _aHeat
260 _bCommercial Literature Co
_c1977
300 _a268p
650 _aPhysics
942 _cBK
999 _c32858
_d32858